How to combat a killer (Record no. 74976)

MARC details
000 -LEADER
fixed length control field 01252cab a2200229 4500
001 - CONTROL NUMBER
control field ABS68836
008 - FIXED-LENGTH DATA ELEMENTS--GENERAL INFORMATION
fixed length control field 050324n2005 000 0 eng u
035 ## - SYSTEM CONTROL NUMBER
System control number (Sirsi) u129160
100 ## - MAIN ENTRY--PERSONAL NAME
Personal name Spence, P.
245 ## - TITLE STATEMENT
Title How to combat a killer
260 ## - PUBLICATION, DISTRIBUTION, ETC.
Date of publication, distribution, etc. 2005
490 ## - SERIES STATEMENT
Series statement Estates Gazette
Volume/sequential designation (0506) 12 February 2005, 138(1)
520 ## - SUMMARY, ETC.
Summary, etc. Points out that asbestos surveyors will need special training and insurance to inspect the 1.5m buildings that require surveys. Summarises the issues surrounding asbestos inspections as outlined in the Control of Asbestos at Work Regulations 2002. RICS has recently announced obtaining professional indemnity for its members to carry out asbestos surveys, but they must first successfully complete a training course. Training course provision has been delayed due to the reluctance of the insurance industry to cover the surveyors. Suggests the backlog of surveys needed will take building surveyors four or five years to complete.
590 ## - LOCAL NOTE (RLIN)
Local note ABS
650 ## - SUBJECT ADDED ENTRY--TOPICAL TERM
Topical term or geographic name entry element CONTROL OF ASBESTOS AT WORK REGULATIONS 2002
650 ## - SUBJECT ADDED ENTRY--TOPICAL TERM
Topical term or geographic name entry element PROFESSIONAL INDEMNITY INSURANCE
650 ## - SUBJECT ADDED ENTRY--TOPICAL TERM
Topical term or geographic name entry element BUILDING SURVEYS
650 ## - SUBJECT ADDED ENTRY--TOPICAL TERM
Topical term or geographic name entry element CAREERS, EDUCATION AND TRAINING
690 ## - LOCAL SUBJECT ADDED ENTRY--TOPICAL TERM (OCLC, RLIN)
Topical term or geographic name as entry element Insurance
9 (RLIN) 6249
700 ## - ADDED ENTRY--PERSONAL NAME
Personal name Zuckerman, M.
942 ## - ADDED ENTRY ELEMENTS (KOHA)
Suppress in OPAC 0
Holdings
Withdrawn status Lost status Source of classification or shelving scheme Damaged status Not for loan Home library Current library Shelving location Date acquired Total Checkouts Full call number Barcode Date last seen Copy number Price effective from Koha item type
    Dewey Decimal Classification     London London Journal article 24/03/2005   ABS68836 129160-1001 06/08/2019 1 06/08/2019 Journal article